00958 2200313 4500001002100000005001500021035002000036007000300056008004100059020002200100082001400122084001600136100003200152245011700184250003200301300002500333650001300358700002700371504003300398264003900431336002100470337003000491338002300521040002200544090002200566850001200588999002200600990002200622INLIS00000000086402020210824101257 a0010-0821000719ta210824s2012 yoi g | ind d a978-979-3194-01-104223a158.1 a158.1 LYN k0 aLynda KamanyantiePengarang10aKekuatan enzim vs kekuatan pikiran :brahasia sehat, cerdas & sukses /cLynda Kamanyanti; penyunting, Iza Azizah aCetakan pertama, Maret 2012 a116 halaman ;c21 cm 4aMotivasi0 aIza AzizahePenyunting aBibliografi: halaman 113-11631aBantul :bSyura Media Utama,c2012 2rdacontentateks 2rdamediaatanpa perantara 2rdacarrieravolume aYOPDYOGbinderda aCB-D.11 2012-3096 aYOPDYOG aCB-D.11/2012-3096 aCB-D.11/2012-3096